It's not easy being big! / by Stephanie St. Pierre ... Read More
Available copies
- 1 of 1 copy available at LARL/NWRL Consortium.
Current holds
0 current holds with 1 total copy.
Show Only Available Copies
| Location | Call Number / Copy Notes | Barcode | Shelving Location | Status | Due Date |
|---|---|---|---|---|---|
| Thief River Falls Public Library | e ST (Text) | 35500003972401 | Main | Available | - |
Record details
- ISBN: 0679888101
- ISBN: 9780679888109
- ISBN: 0679988106
- ISBN: 9780679988106
- Physical Description: 1 v. (unpaged) : col. ill. ; 23 cm.
- Publisher: New York : Random House/Children's Television Workshop, c1998.
Content descriptions
| Summary, etc.: | Big Bird discovers that some things are easy to do ... Read More |
Search for related items by subject
| Subject: | Size > Fiction. Birds > Fiction. Puppets > Fiction. Puppets > Juvenile fiction. |
Search for related items by series
| LDR | 01662cam a2200409 a 4500 | ||
|---|---|---|---|
| 001 | 72009 | ||
| 003 | LARL_NWRL_CONSORTIUM | ||
| 005 | 20101108120650.0 | ||
| 008 | 970616s1998 nyua a 000 1 eng | ||
| 010 | . | ‡a97018050 | |
| 020 | . | ‡a0679888101 | |
| 020 | . | ‡a9780679888109 | |
| 020 | . | ‡a0679988106 | |
| 020 | . | ‡a9780679988106 | |
| 035 | . | ‡a(OCoLC)37221089 | |
| 040 | . | ‡aDLC ‡cDLC ‡dBAKER ‡dBTCTA ‡dYDXCP ‡dOCLCG ‡dXFG ‡dIGP | |
| 042 | . | ‡alcac | |
| 050 | 0 | 0. | ‡aPZ7.S14355 ‡bIt 1998 |
| 082 | 1 | 4. | ‡a[E] ‡221 |
| 100 | 1 | . | ‡aSt. Pierre, Stephanie. ‡0(LARL_NWRL_CONSORTIUM)97126 |
| 245 | 1 | 0. | ‡aIt's not easy being big! / ‡cby Stephanie St. Pierre ; illustrated by John Lund. |
| 260 | . | ‡aNew York : ‡bRandom House/Children's Television Workshop, ‡cc1998. | |
| 300 | . | ‡a1 v. (unpaged) : ‡bcol. ill. ; ‡c23 cm. | |
| 440 | 2. | ‡aA bright & early book | |
| 520 | . | ‡aBig Bird discovers that some things are easy to do if you are small and others are easy to do if you are big. | |
| 650 | 1. | ‡aSize ‡vFiction. | |
| 650 | 1. | ‡aBirds ‡vFiction. ‡0(LARL_NWRL_CONSORTIUM)171000 | |
| 650 | 1. | ‡aPuppets ‡vFiction. | |
| 650 | 0. | ‡aPuppets ‡vJuvenile fiction. | |
| 700 | 1 | . | ‡aLund, John ‡q(John H.), ‡eill. ‡0(LARL_NWRL_CONSORTIUM)124026 |
| 948 | . | ‡hNO HOLDINGS IN LAL - 965 OTHER HOLDINGS | |
| 994 | . | ‡aZ0 ‡bLAL | |
| 901 | . | ‡a72009 ‡bOCLC ‡c72009 ‡tbiblio | |

Add to basket
Permalink
Disable Highlighting